Okružná úloha s minimalizáciou emisií s časovými oknami a heterogénnym parkom vozidiel

Modelovanie prepravy so znižovaním spotreby paliva prostredníctvom modelu minimalizácie emisií s časovými oknami s rôznymi kategóriami vozidiel. Na rozdiel od klasickej okružnej úlohy s obmedzenými kapacitami, v ktorom sa minimalizuje celková prejdená vzdialenosť, v prezentovanom modeli sa minimaliz...

ver descrição completa

Na minha lista:
Detalhes bibliográficos
Autor principal: Brezina, Ivan, 1963-
Outros Autores: Sedláková, Gabriela
Formato: Capítulo de Livro
Idioma:eslovaco
Assuntos:
Tags: Adicionar Tag
Sem tags, seja o primeiro a adicionar uma tag!

MARC

LEADER 00000nla a2200000 4500
001 0236053
005 20240502073822.6
041 0 |a slo 
044 |a SK 
245 1 0 |a Okružná úloha s minimalizáciou emisií s časovými oknami a heterogénnym parkom vozidiel  |c Ivan Brezina, Gabriela Sedláková 
520 |a Modelovanie prepravy so znižovaním spotreby paliva prostredníctvom modelu minimalizácie emisií s časovými oknami s rôznymi kategóriami vozidiel. Na rozdiel od klasickej okružnej úlohy s obmedzenými kapacitami, v ktorom sa minimalizuje celková prejdená vzdialenosť, v prezentovanom modeli sa minimalizuje spotreba paliva odhadnutá v závislosti od kategórie vozidla a jeho užitočného zaťaženia. Výsledný model je rozšírený o ohraničenia časových okien. 
610 2 0 |a modelovanie 
610 2 0 |a modely matematické 
610 2 0 |a emisie 
610 2 0 |a doprava automobilová 
610 2 0 |a palivá fosílne 
610 2 0 |a spotreba 
100 1 |a Brezina, Ivan, 1963- 
700 1 |a Sedláková, Gabriela